[Event "Avoine op 33rd"]
[Site "Avoine"]
[Date "2018.07.22"]
[Round "2"]
[White "Manea, Alexandru"]
[Black "Poliniere, Matthias"]
[Result "1/2-1/2"]
[WhiteElo "2394"]
[BlackElo "1718"]
[PlyCount "87"]
[EventDate "2018.07.21"]
[EventType "swiss"]
[EventRounds "9"]
[EventCountry "FRA"]
[SourceTitle "CBM 185 Extra"]
[Source "ChessBase"]
[SourceDate "2018.07.29"]
[SourceVersion "1"]
[SourceVersionDate "2018.07.29"]
[SourceQuality "1"]

1. c4 c6 2. d4 d5 3. Nf3 Nf6 4. e3 a6 5. Nbd2 e6 6. b3 dxc4 7. bxc4 Be7 8. Bb2 c5 9. Bd3 Nc6 10. 0-0 0-0 11. Nb3 b6 12. Qe2 Qc7 13. Rac1 Rd8 14. Rfd1 a5 15. Nbd2 Bb7 16. Bb1 a4 17. a3 Na5 18. Bc2 Qc6 19. e4 cxd4 20. Nxd4 Qc8 21. e5 Nd7 22. Bxa4 Nc6 23. Nxc6 Bxc6 24. Bxc6 Qxc6 25. Nf3 Bxa3 26. Bxa3 Rxa3 27. Rd6 Qa4 28. Rcd1 Ra1 29. Rxa1 Qxa1+ 30. Rd1 Qa4 31. h4 Rc8 32. Rd4 h6 33. Kh2 Nc5 34. Rd6 Qb4 35. Nd4 Qb1 36. Nc6 Rc7 37. Rd8+ Kh7 38. Nd4 Qe4 39. Qxe4+ Nxe4 40. f3 Nc3 41. Nb5 Rxc4 42. Nd6 Rxh4+ 43. Kg3 Rd4 44. Rc8 1/2-1/2

[Event "FRA-ch U18"]
[Site "Gonfreville"]
[Date "2016.??.??"]
[Round "1"]
[White "Meunier, Clement1"]
[Black "Poliniere, Matthias"]
[Result "1-0"]
[WhiteElo "2257"]
[BlackElo "1603"]
[PlyCount "67"]
[EventDate "2016.04.22"]
[EventType "swiss"]
[EventRounds "9"]
[EventCountry "FRA"]
[SourceTitle "EXT 2019"]
[Source "ChessBase"]
[SourceDate "2018.10.10"]
[SourceVersion "1"]
[SourceVersionDate "2018.10.10"]
[SourceQuality "1"]

1. e4 c5 2. Nf3 d6 3. c3 Nf6 4. h3 Bd7 5. Bd3 e6 6. Bc2 Nc6 7. 0-0 Be7 8. Re1 Rc8 9. d4 cxd4 10. cxd4 Nb4 11. Bb3 d5 12. e5 Ne4 13. Re3 0-0 14. Nc3 Nxc3 15. bxc3 Nc6 16. Bc2 f5 17. exf6 Bxf6 18. Ba3 Be7 19. Bxe7 Qxe7 20. Qd3 g6 21. Rae1 Qf6 22. Qe2 a6 23. Nh2 Rc7 24. Ng4 Qg7 25. h4 h5 26. Nh2 Ne7 27. Nf3 Nf5 28. Bxf5 exf5 29. Ng5 Bb5 30. Qf3 Bc4 31. Ne6 Qd7 32. Nxc7 Qxc7 33. Re7 Qc6 34. R1e6 1-0